Sú "Husáre" husárskym kúskom Na košickom magistráte dodnes nie je jasné, komu budú slúžiť ubytovne za starou plynárňou

Bibliographic Details
Main Authors: Paulovská, Jana (Author), Surinčák, Ladislav, 1950- (Author)
Format: Article
Language:Slovak
PhysicalDescription:5 foto
Subjects:

MARC

LEADER 00000nab a2200000 a 4500
001 vtls000896869
003 SK-MaSNL
005 20260305010905.0
008 040720e19960402xo 0 slo
035 |a KE5893 
040 |a KEVKJB  |b slo  |c KEVKJB  |e AACR2 
041 0 |a slo 
044 |a xo  |c SK 
080 |a 362.51  |2 1981 
100 1 |a Paulovská, Jana  |4 aut  |9 266445 
245 1 0 |a Sú "Husáre" husárskym kúskom  |b Na košickom magistráte dodnes nie je jasné, komu budú slúžiť ubytovne za starou plynárňou 
300 |b 5 foto 
610 1 7 |a Košice (Slovensko).  |b Magistrát  |2 KEVKJB  |9 168631 
650 0 7 |a bezdomovci  |2 KEVKJB  |9 23044 
650 0 7 |a azylové domy  |2 KEVKJB  |9 2399 
651 7 |a Košice (Slovensko)  |2 KEVKJB  |9 18694 
700 1 |a Surinčák, Ladislav,  |d 1950-  |4 aut  |9 211070 
773 0 8 |t Korzo  |g Roč. 3, č.78, 2.4.1996, s. 16-17 
852 |a ZVYKNI  |b KIS3GCP 
999 |c 3249331  |d 3251261